000 00324nam a2200133Ia 4500
008 231129s1970||||xx |||||||||||||| ||spa||
040 _bspa
082 _a305.5 D893
100 _aDumont Louis
245 0 _aHomo hierarchicus: ensayo sobre el sistema de castas
260 _c1970
264 _aAguilar
942 _2ddc
_cBKS
999 _c15456
_d15456